| 000 | 00813nam a22002177a 4500 | ||
|---|---|---|---|
| 999 |
_c17683 _d17683 |
||
| 003 | AR-CdUCM | ||
| 008 | 190509b ||||| |||| 00| 0 spa d | ||
| 040 |
_aMUNICIPALIDAD PROVINCIAL DEL CUSCO _cBIBLIOTECA MUNICIPAL DEL CUSCO |
||
| 082 |
_a330.973 / _bL31 |
||
| 100 |
_aLabin, Suzanne _937822 |
||
| 245 | _aCompetencia URSS - USA / | ||
| 260 |
_aBuenos Aires : _bAndina, _c1965. |
||
| 300 |
_a327 páginas ; _c19 cm. |
||
| 505 | _aContenido : El desafió económico de Rusia a Estados Unidos -- Incursión preliminar en la jungla de las estadísticas soviéticas -- La industria pesada en Rusia y en Estados Unidos ... | ||
| 650 |
_aRusia _9499 |
||
| 650 |
_aEstados Unidos _91805 |
||
| 650 |
_aCompetencia _98954 |
||
| 700 |
_aMelet , Tencha _937823 |
||
| 942 |
_2ddc _cLIBROS |
||
| 945 |
_arah _d09/05/2019 |
||